LEADER 01543nam 2200505 450 001 9910793725203321 005 20220526092015.0 010 $a1-5129-7734-9 010 $a607-8450-83-2 035 $a(CKB)4100000008951107 035 $a(MiAaPQ)EBC6431728 035 $a(Au-PeEL)EBL6431728 035 $a(OCoLC)1228036343 035 $a(MiAaPQ)EBC6771182 035 $a(OCoLC)1165368782 035 $a(FINmELB)ELB121712 035 $a(EXLCZ)994100000008951107 100 $a20220526d2016 uy 0 101 0 $aspa 135 $aurcnu|||||||| 181 $ctxt$2rdacontent 182 $cc$2rdamedia 183 $acr$2rdacarrier 200 00$aTerritorios en Movimiento $eSistemas Agroalimentarios Localizados, Innovacio?n y Gobernanza /$fGerardo Torres Salcido (coordinador) 205 $aPrimera edicio?n. 210 1$aMexico :$cBonilla Artigas Editores, S.A. de C.V.,$d[2016] 210 4$dİ2016 215 $a1 online resource (265 pages) 225 1 $aPu?blicasocial ;$v16 311 $a607-8450-53-0 320 $aIncluye referencias bibliogra?ficas. 410 0$aPu?blica social ;$v16. 606 $aFood supply$zMexico 606 $aAgriculture$xEconomic aspects$zMexico 615 0$aFood supply 615 0$aAgriculture$xEconomic aspects 676 $a338.10972 702 $aTorres Salcido$b Gerardo 801 0$bMiAaPQ 801 1$bMiAaPQ 801 2$bMiAaPQ 906 $aBOOK 912 $a9910793725203321 996 $aTerritorios en Movimiento$93860425 997 $aUNINA LEADER 03463nam 2200745 a 450 001 9910967508103321 005 20240313080254.0 010 $a9781847797124 010 $a1847797121 010 $a9781781702611 010 $a1781702616 010 $a9781847793782 010 $a1847793789 024 7 $a10.7765/9781847793782 035 $a(CKB)2560000000085658 035 $a(EBL)1069699 035 $a(OCoLC)818847495 035 $a(SSID)ssj0000712739 035 $a(PQKBManifestationID)12296306 035 $a(PQKBTitleCode)TC0000712739 035 $a(PQKBWorkID)10650935 035 $a(PQKB)11239874 035 $a(StDuBDS)EDZ0000086934 035 $a(OCoLC)1132671322 035 $a(MdBmJHUP)muse78082 035 $a(Au-PeEL)EBL1069699 035 $a(CaPaEBR)ebr10627228 035 $a(CaONFJC)MIL843482 035 $a(MiAaPQ)EBC1069699 035 $a(DE-B1597)659649 035 $a(DE-B1597)9781847793782 035 $a(Perlego)1525770 035 $a(EXLCZ)992560000000085658 100 $a20081222d2008 uy 0 101 0 $aeng 135 $aur|n|---||||| 181 $ctxt 182 $cc 183 $acr 200 14$aThe civil service and the revolution in Ireland, 1912-1938 $e'shaking the blood-stained hand of Mr Collins' /$fMartin Maguire 205 $a1st ed. 210 $aManchester, U.K. ;$aNew York $cManchester University Press ;$aNew York $cDistributed in the USA by Palgrave$d2008 215 $a1 online resource (273 p.) 300 $aDescription based upon print version of record. 311 08$a9780719081941 311 08$a0719081947 311 08$a9780719077401 311 08$a0719077400 320 $aIncludes bibliographical references and index. 327 $aCopyright; Contents; Acknowledgements; Abbreviations; Introduction; 1. The civil service and the State in Ireland,1912-18; 2. Dublin Castle in crisis, 1918-21; 3. The revolutionary State, partition and thecivil service, 1920-21; 4. The Provisional Government and the civil service, 1922; 5. Cumann na nGaedheal and the civil service,1923-32; 6. Fianna Fa?il and the civil service, 1932-38; Conclusion: the civil service, the State and the Irish revolution; Appendix: Da?il E?ireann civil service, January1919 to January 1922; Select bibliography; Index 330 $aThis book is a history of the Irish civil service and its response to revolutionary changes in the State. It examines the response of the civil service to the threat of partition, World War, the emergence of the revolutionary forces of Da?il E?ireann and the IRA through to the Civil War and the Irish Free State. Questioning the orthodox interpretation of evolution rather than revolution in the administration of the State it throws new light on civil service organization in British-ruled Ireland, the process whereby Northern Ireland came into existence, the Da?il E?ireann administration in the War 606 $aCivil service$zIreland$xHistory$y20th century 607 $aIreland$xPolitics and government$y1910-1921 607 $aIreland$xPolitics and government$y1922-1949 615 0$aCivil service$xHistory 676 $a351.417 676 $a351.415 700 $aMaguire$b Martin$01806684 801 0$bMiAaPQ 801 1$bMiAaPQ 801 2$bMiAaPQ 906 $aBOOK 912 $a9910967508103321 996 $aThe civil service and the revolution in Ireland, 1912-1938$94355998 997 $aUNINA LEADER 03626nam 2200421Ka 450 001 9910842396903321 005 20250702023906.0 010 $a3-642-40403-0 035 $a(CKB)4590000000000422 035 $a(ODN)ODN0010068514 035 $a(EXLCZ)994590000000000422 100 $a20230922d2013 uy 0 101 0 $aeng 135 $aurcn|---||||| 181 $ctxt$2rdacontent 182 $cc$2rdamedia 183 $acr$2rdacarrier 200 10$aEnabling things to talk $eDesigning iot solutions with the iot architectural reference model. /$fAlessandro Bassi 210 $d2013 210 1$d2013. 215 $a1 online resource 311 08$a3-642-40402-2 311 08$a3-662-52494-5 330 $aThe Internet of Things (IoT) is an emerging network superstructure that will connect physical resources and actual users. It will support an ecosystem of smart applications and services bringing hyper-connectivity to our society by using augmented and rich interfaces. Whereas in the beginning IoT referred to the advent of barcodes and Radio Frequency Identification (RFID), which helped to automate inventory, tracking and basic identification, today IoT is characterized by a dynamic trend toward connecting smart sensors, objects, devices, data and applications. The next step will be "cognitive IoT," facilitating object and data re-use across application domains and leveraging hyper-connectivity, interoperability solutions and semantically enriched information distribution. The Architectural Reference Model (ARM), presented in this book by the members of the IoT-A project team driving this harmonization effort, makes it possible to connect vertically closed systems, architectures and application areas so as to create open interoperable systems and integrated environments and platforms. It constitutes a foundation from which software companies can capitalize on the benefits of developing consumer-oriented platforms including hardware, software and services. The material is structured in two parts. Part A introduces the general concepts developed for and applied in the ARM. It is aimed at end users who want to use IoT technologies, managers interested in understanding the opportunities generated by these novel technologies, and system architects who are interested in an overview of the underlying basic models. It also includes several case studies to illustrate how the ARM has been used in real-life scenarios. Part B then addresses the topic at a more detailed technical level and is targeted at readers with a more scientific or technical background. It provides in-depth guidance on the ARM, including a detailed description of a process for generating concrete architectures, as well as reference manuals with guidelines on how to use the various models and perspectives presented to create a concrete architecture. Furthermore, best practices and tips on how system engineers can use the ARM to develop specific IoT architectures for dedicated IoT solutions are illustrated and exemplified in reverse mapping exercises of existing standards and platforms. 606 $aNonfiction$2OverDrive 606 $aBusiness$2OverDrive 606 $aComputer Technology$2OverDrive 606 $aManagement$2OverDrive 615 17$aNonfiction. 615 7$aBusiness. 615 7$aComputer Technology. 615 7$aManagement. 686 $aBUS087000$aCOM005000$aCOM018000$aCOM025000$aCOM032000$aCOM051230$2bisacsh 700 $aBassi$b Alessandro$01830601 906 $aBOOK 912 $a9910842396903321 996 $aEnabling things to talk$94401059 997 $aUNINA